=LDR 00000nam 2200000 4500 =001 INLIS000000000038006 =005 20200901093145 =035 ##$$a 0010-061300000038006 =008 200901################g##########0#ind## =041 ##$$a Ind =082 ##$$a 302.2 =090 ##$$a 302.2 , Mul p =100 1#$$a Mulyodiharjo, Sumartono =245 1#$$a The power of communication , komunikasi, kekuatan dahsyat untuk menjadi spektakuler , /$c Sumartono Mulyodiharjo =260 ##$$a Jakarta :$b Elex Media Komputindo,$c 2010 =300 ##$$a 127 hlm. , ; $c 14 x 22 cm =850 ##$$a NBPNMAT =020 ##$$a 978-979-27-697-5 =084 ##$$a 302.2 MUL t =650 #4$$a Ilmu Komunikasi =250 ##$$a cet. 1 =990 ##$$a 21111164 =990 ##$$a 21104333 =990 ##$$a 21104334 =990 ##$$a 21111163